MARC details
| 000 -CABECERA |
| campo de control de longitud fija |
01671nam a2200289 i 4500 |
| 001 - NÚMERO DE CONTROL |
| campo de control |
000004152 |
| 003 - IDENTIFICADOR DEL NÚMERO DE CONTROL |
| campo de control |
DO-SdBNP |
| 005 - FECHA Y HORA DE LA ÚLTIMA TRANSACCIÓN |
| campo de control |
20251022101015.0 |
| 006 - CÓDIGOS DE INFORMACIÓN DE LONGITUD FIJA--CARACTERÍSTICAS DEL MATERIAL ADICIONAL |
| campo de control de longitud fija |
a||||gr|||| 00| 0 |
| 007 - CAMPO FIJO DE DESCRIPCIÓN FÍSICA--INFORMACIÓN GENERAL |
| campo de control de longitud fija |
ta |
| 008 - DATOS DE LONGITUD FIJA--INFORMACIÓN GENERAL |
| campo de control de longitud fija |
090717e2000 dr adc fr 001 u spa d |
| 040 ## - FUENTE DE LA CATALOGACIÓN |
| Centro catalogador/agencia de origen |
DO-SdBNP |
| Lengua de catalogación |
spa |
| Centro/agencia transcriptor |
BNPHU |
| Normas de descripción |
rda |
| 082 #4 - NÚMERO DE LA CLASIFICACIÓN DECIMAL DEWEY |
| Número de clasificación |
336.091724 |
| Número de documento/Ítem |
H117 |
| Número de edición |
22 |
| 110 1# - ENTRADA PRINCIPAL--NOMBRE DE ENTIDAD CORPORATIVA |
| Nombre de entidad corporativa o nombre de jurisdicción como elemento de entrada |
República Dominicana. |
| Unidad subordinada |
Secretaría Estado de Finanzas. |
| 9 (RLIN) |
12292 |
| 245 13 - MENCIÓN DE TÍTULO |
| Título |
La hacienda pública 1844-2000 : |
| Resto del título |
crónica histórica de la Secretaría de Estado de Finanzas. |
| 264 #4 - PRODUCCIÓN, PUBLICACIÓN, DISTRIBUCIÓN, FABRICACIÓN Y COPYRIGHT |
| Producción, publicación, distribución, fabricación y copyright |
Santo Domingo : |
| Nombre del de productor, editor, distribuidor, fabricante |
Tele 3, |
| Fecha de producción, publicación, distribución, fabricación o copyright |
2000. |
| 300 ## - DESCRIPCIÓN FÍSICA |
| Extensión |
249 páginas : |
| Otras características físicas |
Ilustraciones., gráficos, retratos ; |
| Dimensiones |
31 cm. |
| 336 ## - TIPO DE CONTENIDO |
| Fuente |
rdacontent |
| Término de tipo de contenido |
texto |
| Código de tipo de contenido |
txt |
| 337 ## - TIPO DE MEDIO |
| Fuente |
rdamedia |
| Nombre/término del tipo de medio |
sin mediación |
| Código del tipo de medio |
n |
| 338 ## - TIPO DE SOPORTE |
| Fuente |
rdacarrier |
| Nombre/término del tipo de soporte |
volumen |
| Código del tipo de soporte |
nc |
| 500 ## - NOTA GENERAL |
| Nota general |
Incluye Gobiernos y Secretarios de Estad de cartera. |
| 504 ## - NOTA DE BIBLIOGRAFÍA, ETC. |
| Nota de bibliografía, etc. |
Bibliografía : páginas 248- 249 |
| 505 ## - NOTA DE CONTENIDO CON FORMATO |
| Nota de contenido con formato |
Presentación-- |
| Información miscelánea |
Capítulo 1-- |
| Título |
Acorralada por la insolvencia, 1844-1849 -- |
| Información miscelánea |
Capítulo 2-- |
| Título |
La plaga de las emisiones, 1849-1881 -- |
| Información miscelánea |
Capítulo 3-- |
| Título |
Naufragio en un mar de préstamos, 1882-1899 -- |
| Información miscelánea |
Capítulo 4-- |
| Título |
Hacia las cadenas de la dependencia, 1899-1915 -- |
| Información miscelánea |
Capítulo 5-- |
| Título |
Cambios en un puño de hierro, 1916-1930 -- |
| Información miscelánea |
Capítulo 6-- |
| Título |
Rebosan las arcas... se afianza la tiranía, 1930-1961 -- |
| Información miscelánea |
Capítulo 7-- |
| Título |
En los círculos de la incertidumbre, 1961-1966 -- |
| Información miscelánea |
Capítulo 8-- |
| Título |
Entre la austeridad y el descontrol, 1966-1996 -- |
| Información miscelánea |
Capítulo 9-- |
| Título |
Crecimiento con estabilidad, 1996-2000 -- |
| -- |
Apéndice-- |
| -- |
Fuentes y Bibliografía General. |
| 590 ## - NOTA LOCAL (RLIN) |
| Nota local |
Inventariado 2023 / MF |
| 650 #0 - PUNTO DE ACCESO ADICIONAL DE MATERIA--TÉRMINO DE MATERIA |
| Término de materia o nombre geográfico como elemento de entrada |
Finanzas públicas |
| Subdivisión geográfica |
Republica Dominicana |
| Subdivisión general |
Historia |
| Subdivisión cronológica |
1844-2000 |
| 9 (RLIN) |
32168 |
| 942 ## - ELEMENTOS DE PUNTO DE ACCESO ADICIONAL (KOHA) |
| Fuente del sistema de clasificación o colocación |
Dewey Decimal Classification |
| Tipo de ítem Koha |
Libro |